|
|
|
|
| LEADER |
00000nam0a2200000 4500 |
| 001 |
315038 |
| 005 |
20231102002734.0 |
| 035 |
|
|
|a (RuTPU)RU\TPU\book\340471
|
| 035 |
|
|
|a RU\TPU\book\338585
|
| 035 |
|
|
|a RU\TPU\book\338606
|
| 090 |
|
|
|a 315038
|
| 100 |
|
|
|a 20160224d1960 m y0rusy50 ca
|
| 101 |
0 |
|
|a rus
|
| 102 |
|
|
|a RU
|
| 105 |
|
|
|a a j 001zy
|
| 200 |
1 |
|
|a Экономика электротехнической промышленности
|e учебник для вузов
|f А. С. Консон
|
| 210 |
|
|
|a Москва
|a Ленинград
|c Госэнергоиздат
|d 1960
|
| 215 |
|
|
|a 296 с.
|c черт.
|
| 320 |
|
|
|a Библиогр.: с. 294-296
|
| 606 |
1 |
|
|a Электротехническая промышленность
|x Экономика
|2 stltpush
|3 (RuTPU)RU\TPU\subj\20925
|9 45986
|
| 610 |
1 |
|
|a технико-экономические расчеты
|
| 610 |
1 |
|
|a научно-исследовательские работы
|
| 610 |
1 |
|
|a опытно-конструкторские работы
|
| 610 |
1 |
|
|a электротехническое производство
|
| 610 |
1 |
|
|a основные фонды
|
| 610 |
1 |
|
|a оборотные средства
|
| 610 |
1 |
|
|a финансы
|
| 610 |
1 |
|
|a учебники
|
| 675 |
|
|
|a 621.31.002:658(075.8)
|v 4
|
| 700 |
|
1 |
|a Консон
|b А. С.
|g Арон Соломонович
|
| 801 |
|
1 |
|a RU
|b 63413507
|c 20160116
|
| 801 |
|
2 |
|a RU
|b 63413507
|c 20191209
|g RCR
|
| 942 |
|
|
|c BK
|